|
|
|
|
| LEADER |
00000cam a2200000 a 4500 |
| 001 |
vtls001373137 |
| 003 |
SK-MaSNL |
| 005 |
20260301115354.0 |
| 008 |
160624s1999 xo f u 0000 slo |
| 035 |
|
|
|a SNK000327000
|
| 040 |
|
|
|a SNK
|b slo
|c SNK
|e AACR2
|
| 041 |
1 |
|
|a slo
|h eng
|
| 044 |
|
|
|a xo
|c SK
|
| 046 |
|
|
|a m
|m 19990801 (účin.)
|n [20021101 (zruš.)]
|
| 080 |
|
|
|a 662.62/.8
|2 2001
|
| 084 |
|
|
|a 75.160.30
|2 ICS
|
| 130 |
|
|
|a STN 65 6503 (STN EN 589) [neplatná]
|9 407655
|
| 245 |
1 |
0 |
|a STN EN 589: 1999 (65 6503) [neplatná], Motorové palivá. Skvapalnené ropné plyny (LPG). Technické požiadavky a skúšobné metódy
|
| 246 |
1 |
0 |
|a Motorové palivá
|
| 246 |
1 |
0 |
|a Skvapalnené ropné plyny (LPG)
|
| 246 |
1 |
0 |
|a Technické požiadavky a skúšobné metódy
|
| 260 |
|
|
|a Bratislava
|b Úrad pre normalizáciu, metrológiu a skúšobníctvo SR
|c 1999
|
| 300 |
|
|
|a 12 strán
|
| 500 |
|
|
|a [Norma je nahradená normou STN EN 589 z novembra 2002]
|
| 540 |
|
|
|a STN vydané na akomkoľvek nosiči sa môžu rozmnožovať a rozširovať iba so súhlasom určenej právnickej osoby
|b SÚTN Bratislava
|c zákon 264/1999 Z. z.
|
| 650 |
0 |
7 |
|a plynné palivá
|2 SNKPH
|9 50878
|
| 650 |
0 |
7 |
|a technické normy a štandardy
|z Slovensko
|2 SNKPH
|9 79594
|
| 650 |
0 |
7 |
|a technické normy a štandardy
|z krjiny Európskej únie
|2 SNKPH
|9 320385
|
| 655 |
|
7 |
|a normy
|2 SNKPH
|9 70643
|
| 852 |
|
|
|a Štátna vedecká knižnica v Banskej Bystrici
|
| 958 |
|
|
|a OP
|
| 999 |
|
|
|c 721985
|d 723915
|
| 952 |
|
|
|t P60, <03>, [BOOK], {603}
|a SNK
|b SNK
|y PREZ
|7 0
|p 17A0208914
|o snkSTN EN 589
|i snkN 1913/99
|0 0
|1 0
|4 0
|d 1999-09-24
|l 0
|r 2005-01-02 00:00:00
|w 2026-02-23
|
| 952 |
|
|
|t P60, <04>, [BOOK], {604}
|a SNK
|b SNK
|y VYP
|7 0
|p 17A0208915
|o snkSTN EN 589 D1
|i snkN 1914/99
|0 0
|1 0
|4 0
|d 1999-09-24
|l 0
|r 2005-01-02 00:00:00
|w 2026-02-23
|